000 nam a22 c 4500
999 _c467982
_d467982
003 BLK
005 20220725083311.0
008 180413b bul|||||r ||||||| ||bul||
040 _aBLK
041 _aBUL
_cBUL
080 _aСтроителни конструкции. Подземно, ниско и високо строителство. Строителство на тунели и мостове
_b624
_x(075.3)
_z624(075.3)
080 _aКонструктивни елементи на пътя - подлези, надлези, водостоци, пътни знаци, бензиностанции, светофари, улично осветление и др.
_b625.74
_x(075.3)
_z625.74(075.3)
100 _aСафронов, Михаил Ефимович
_eпърви автор
_9266521
139 _aСафронов, Михаил Ефимович
245 1 0 _aИнженерни съоръжения и конструкции
_b[Мостово строителство] : Учебник за IV курс на строит. техникуми, спец. строителство и архитектура : Ч. 1 -
_cМихаил Сафронов.
_nЧ. 2
257 _aBGR
260 _aСофия
_bТехника
_c1972
_fЯмбол : Г. Димитров
300 _a280 с.
_bс черт., ил.
_c21 см
380 _a62
650 7 _aСтроителство
_9172631
650 4 _aМостове
_9162766
650 4 _aТунели
_9174194
650 7 _aПристанища
_9167909
653 7 _aучебници за техникуми
_9199113
760 _aСафронов, Михаил Ефимович
_h280 с. : с черт., ил.
_nБиблиогр. с. 275-276
_oЧ. 2
852 _aЦб 64056
_bЦб
942 _cKNG
_n0
_s1
944 _aCR
_c2022-07-25
_kКети